The wonders of life on earth / (Record no. 7912)
[ view plain ]
| 000 -LEADER | |
|---|---|
| fixed length control field | 00724nam a22002172 4500 |
| 001 - CONTROL NUMBER | |
| JCCL Control Number | 7912 |
| 003 - CONTROL NUMBER IDENTIFIER | |
| JCCL marc code | BD - JhCC |
| 005 - DATE AND TIME OF LATEST TRANSACTION | |
| control field | 20180402110216.0 |
| 008 - FIXED-LENGTH DATA ELEMENTS--GENERAL INFORMATION | |
| fixed length control field | 741222s1963 xxk 000 0 eng d |
| 035 ## - SYSTEM CONTROL NUMBER | |
| system control number | (BD - JhCC)7912 |
| 040 ## - CATALOGING SOURCE | |
| Original cataloging agency | UKM |
| Transcribing agency | UKM |
| Modifying agency | EQO |
| -- | BD - JhCC |
| 041 ## - LANGUAGE CODE | |
| Language code of Book | eng |
| 082 04 - DEWEY DECIMAL CLASSIFICATION NUMBER | |
| Classification number | 591 |
| DDC Edition number | 18 |
| Author mark and Year | BAR 1963 |
| 100 1# - MAIN ENTRY--PERSONAL NAME | |
| Personal name | Barnett, Lincoln Kinnear, |
| Dates associated with a name | 1909- |
| 245 14 - TITLE STATEMENT | |
| Title | The wonders of life on earth / |
| Statement of responsibility, etc | by the editors of 'Life' and Lincoln Barnett ; text especially adapted by Sarel Eimerl from the original version. Special ed. for young readers. |
| 260 ## - PUBLICATION, DISTRIBUTION, ETC. (IMPRINT) | |
| Name of publisher, distributor, etc | Prentice-Hall, |
| Date of publication, distribution, etc | 1963. |
| 300 ## - PHYSICAL DESCRIPTION | |
| Pagination | 216 p. : |
| Other physical details | ill. ; |
| Dimensions | 29 cm. |
| 500 ## - GENERAL NOTE | |
| General note | Originally published (B61-11218) 1961. |
| 942 ## - ADDED ENTRY ELEMENTS (KOHA) | |
| Source of classification or shelving scheme | Dewey Decimal Classification |
| Koha item type | Reference |
| Source of classification or shelving scheme | Damaged status | Not for loan | Home library | Current library | Shelving location | Total Checkouts | Full call number | Barcode | Date last seen | Copy number | Koha item type | Date of accession |
|---|---|---|---|---|---|---|---|---|---|---|---|---|
| Dewey Decimal Classification | JCC Rouf Library | JCC Rouf Library | General Stacks | 591 BAR 1963 | 805 | 02/15/2018 | C-1 | Reference | ||||
| Dewey Decimal Classification | JCC Rouf Library | JCC Rouf Library | General Stacks | 591 BAR 1963 | 13332 | 04/02/2018 | C-2 | Reference | 04/02/2018 |